Experiencias exitosas en la incorporación de la perspectiva de género / Presen. de P. Espinosa Torres.

Furkejuvvon:
Bibliográfalaš dieđut
Eará dahkkit: Espinosa Torres, Patricia (presentación) (presentación)
Materiálatiipa: Girji
Giella:espánnjágiella
Almmustuhtton: México : Instituto Nacional de las Mujeres, 2002, c2002
Fáttát:
Fáddágilkorat: Lasit fáddágilkoriid
Eai fáddágilkorat, Lasit vuosttaš fáddágilkora!

MARC

LEADER 00000nam^a2200000^a^4500
001 000152716
005 20250521000000.0
009 20260310100255.302
020 |a 968-5552-11-8 
037 |a Acervo ITESO - Biblioteca 
041 |a ESP 
082 |a 305. 420972  |b EXP 
245 0 0 |a Experiencias exitosas en la incorporación de la perspectiva de género /  |b Presen. de P. Espinosa Torres. 
264 4 |a México :  |b Instituto Nacional de las Mujeres,  |c 2002, c2002 
300 |a 216 p. 
336 |a texto  |b txt  |2 rdacontenido 
337 |a sin mediación  |b n  |2 rdamedio 
338 |a volumen  |b nc  |2 rdasoporte 
649 |a XX 
650 |a Mujeres Mexicanas -  |x Condiciones Sociales y Culturales 
650 |a Mujeres Mexicanas -  |x Condiciones Laborales 
650 |a Mujeres Mexicanas -  |x Condiciones Económicas 
650 |a Identidad de Género -  |z México 
650 |a Género -  |z México 
650 |a Igualdad y Desigualdad -  |z México 
650 |a Discriminación de Género -  |z México 
650 |a Violencia Doméstica -  |z México 
650 |a Pobreza -  |z México 
650 |a Problemas Sociales -  |z México 
650 |a Salud -  |z México 
650 |a Educación -  |z México 
650 |a Educación 
650 |a Sociología 
650 |a Economía 
650 |a México -  |x Condiciones Sociales y Culturales 
650 |a México -  |x Condiciones Laborales 
650 |a México -  |x Condiciones Económicas 
700 |a Espinosa Torres, Patricia  |e (presentación) 
910 |a Fondo General 
920 |a Impresos - Libros 
930 |a Colección General 
905 |a 101 
901 |a 0500081966  |b IT1  |c ACC  |u 20250521 
902 |a https://opac.biblio.iteso.mx/vufind/Record/000152716